Market driven strategy : (Record no. 344009)

000 -LEADER
fixed length control field 03218 a2200205 4500
020 ## - INTERNATIONAL STANDARD BOOK NUMBER
International Standard Book Number 0029072115
020 ## - INTERNATIONAL STANDARD BOOK NUMBER
International Standard Book Number 9780029072110
082 04 - DEWEY DECIMAL CLASSIFICATION NUMBER
Classification number 658.802
090 ## - LOCALLY ASSIGNED LC-TYPE CALL NUMBER (OCLC); LOCAL CALL NUMBER (RLIN)
-- 1490
-- 1490
100 1# - MAIN ENTRY--PERSONAL NAME
Personal name Day, George S.
245 10 - TITLE STATEMENT
Title Market driven strategy :
Remainder of title processes for creating value /
Statement of responsibility, etc. George S. Day.
250 ## - EDITION STATEMENT
Edition statement illustrated edition ed.
260 ## - PUBLICATION, DISTRIBUTION, ETC.
Place of publication, distribution, etc. [S.l.] :
Name of publisher, distributor, etc. Free Press,
Date of publication, distribution, etc. 1990.
300 ## - PHYSICAL DESCRIPTION
Extent 405 p. ;
Dimensions 25 cm.
500 ## - GENERAL NOTE
General note Hardcover.
520 ## - SUMMARY, ETC.
Summary, etc. Today, countless new niche and specialty market opportunities are emerging as the era of mass marketing comes to an end. George S. Day argues persuasively that old ways of competing and much of the conventional wisdom about organizations are being overturned by a convergence of forces: mass markets are fragmenting into narrow segments that are themselves becoming global markets; information technologies are blurring the boundaries between markets and organizations while accelerating the pace of decisions; technological change continues to shrink product life cycles while customers are demanding ever higher levels of responsiveness and quality. These forces are also spawning new types of retailers, distributors, and linkages with customers. Contending that the rate of change in the market has clearly outstripped the speed at which a conventionally managed company can respond, Day makes a compelling case for first creating customer value, without which there can be no shareholder value. He presents a proven market-driven approach to formulating and implementing competitive strategy at the business-unit level -- "in the trenches" -- based upon materials that have been empirically tested and critiqued in more than 200 internal executive programs and strategic planning sessions at such companies as U.S. West, General Motors, Marriott, Kodak, and General Electric, where he is director of the Product Planning Program. Day introduces the five critical, interdependent choices that managers must make to create a market-driven organization in the 1990s. With dozens of examples from companies such as Otis Elevator, GE, H.J. Heinz, IKEA, Nestl�, Acuson, and 3M, he shows how forward-thinking companies select their markets, differentiate their products, choose their communication and distribution channels, decide on the scale and scope of their support activities, and select future areas for growth. Finally, Day persuasively documents that at these winning companies there is a commitment to thinking and planning processes that harness the power of bottom-up understanding of customers and competitive realities with top-down vision and leadership. A powerful vision is a shared intention that creates a winning atmosphere throughout the organization. By focusing attention on a desired leadership position, measuring progress against that achievement, and continually seeking new ways to gain competitive advantage by serving customers better, the actions and aspiration of the organization are given meaning.
856 40 - ELECTRONIC LOCATION AND ACCESS
Materials specified Amazon.com
Uniform Resource Identifier <a href="http://www.amazon.com/exec/obidos/ASIN/0029072115/chopaconline-20">http://www.amazon.com/exec/obidos/ASIN/0029072115/chopaconline-20</a>
856 40 - ELECTRONIC LOCATION AND ACCESS
Materials specified Amazon customer reviews
Uniform Resource Identifier <a href="http://www.chopac.org/cgi-bin/tools/azrev.pl?q=0029072115">http://www.chopac.org/cgi-bin/tools/azrev.pl?q=0029072115</a>
942 ## - ADDED ENTRY ELEMENTS (KOHA)
Institution code [OBSOLETE] NBS
Koha item type Book
Call number prefix 658.802 DAY
Holdings
Withdrawn status Lost status Source of classification or shelving scheme Damaged status Not for loan Permanent Location Current Location Shelving location Date acquired Total Checkouts Full call number Barcode Date last seen Price effective from Koha item type
          Central Library (CL) Central Library (CL) Marketing 08/28/2013   658.802 DAY NBS0084 08/28/2013 08/28/2013 Book
© 2023 Central Library, National University of Sciences and Technology. All Rights Reserved.